[Event "Sunningdale e2e4 op U2050 05"]
[Site "Sunningdale"]
[Date "2013.05.25"]
[Round "2"]
[White "Canonne, Antoine"]
[Black "Liang, Jake Z"]
[Result "1-0"]
[WhiteElo "1998"]
[BlackElo "1738"]
[PlyCount "123"]
[EventDate "2013.05.24"]
[EventType "swiss"]
[EventRounds "7"]
[EventCountry "ENG"]
[SourceTitle "EXT 2014"]
[Source "ChessBase"]
[SourceDate "2013.11.20"]
[SourceVersion "1"]
[SourceVersionDate "2013.11.20"]
[SourceQuality "1"]

1. e4 c5 2. Nc3 Nc6 3. f4 g6 4. Nf3 Bg7 5. Bb5 Nd4 6. 0-0 a6 7. Bd3 d6 8. Nxd4 cxd4 9. Ne2 Nf6 10. c3 dxc3 11. dxc3 0-0 12. Qe1 Nh5 13. f5 d5 14. Be3 dxe4 15. Bxe4 Nf6 16. Bc2 Qa5 17. Nd4 Re8 18. Qh4 Bd7 19. Kh1 b5 20. fxg6 hxg6 21. Bb3 b4 22. Qg3 e6 23. cxb4 Qxb4 24. Rad1 Bb5 25. Nxb5 axb5 26. Bd4 Qe7 27. Qf3 Nh7 28. Bxg7 Kxg7 29. Qe4 Rad8 30. Qe5+ Kg8 31. Qxb5 Nf6 32. Qg5 Rxd1 33. Bxd1 Nd5 34. Qxe7 Rxe7 35. Bf3 Nb6 36. b3 e5 37. Rd1 e4 38. Be2 Re5 39. Kg1 Nd5 40. Rc1 Nf4 41. Rc2 f5 42. a4 Ne6 43. Bc4 Kg7 44. Bxe6 Rxe6 45. Kf2 f4 46. b4 g5 47. h3 Kf6 48. b5 Kf5 49. a5 Re5 50. Rb2 g4 51. hxg4+ Kxg4 52. a6 e3+ 53. Kf1 Rd5 54. a7 Rd1+ 55. Ke2 Ra1 56. b6 Kg3 57. b7 Rxa7 58. b8Q Rg7 59. Qe5 Rg4 60. Qe4 Kh4 61. Qh7+ Kg3 62. Qh3# 1-0

[Event "Sunningdale e2e4 op U2050 05"]
[Site "Sunningdale"]
[Date "2013.05.24"]
[Round "1"]
[White "Liang, Jake Z"]
[Black "Dydak, Mateusz"]
[Result "0-1"]
[WhiteElo "1738"]
[BlackElo "1937"]
[PlyCount "68"]
[EventDate "2013.05.24"]
[EventType "swiss"]
[EventRounds "7"]
[EventCountry "ENG"]
[SourceTitle "EXT 2014"]
[Source "ChessBase"]
[SourceDate "2013.11.20"]
[SourceVersion "1"]
[SourceVersionDate "2013.11.20"]
[SourceQuality "1"]

1. d4 f5 2. g3 Nf6 3. Bg2 g6 4. c4 Bg7 5. Nc3 0-0 6. Nf3 d6 7. Qc2 Qe8 8. 0-0 e5 9. d5 e4 10. Nd4 Ng4 11. Ndb5 Qf7 12. Bf4 a6 13. Na3 Nd7 14. Rab1 a5 15. Na4 b6 16. Nb5 Nc5 17. Nac3 h6 18. h4 Ba6 19. b3 Kh7 20. Qd2 Rad8 21. a3 Ne5 22. Bxe5 Bxe5 23. Nd4 Qg7 24. Rfd1 e3 25. fxe3 Bxg3 26. b4 Ne4 27. Nxe4 fxe4 28. Ne6 Bf2+ 29. Kh2 Qe5+ 30. Nf4 Rxf4 31. exf4 Qh5 32. Bh3 Qxh4 33. Rg1 Bc8 34. Qc3 e3 0-1

[Event "Hampstead op U2200 05"]
[Site "Hampstead"]
[Date "2013.05.18"]
[Round "3"]
[White "Liang, Jake Z"]
[Black "Duncan, Patrick"]
[Result "0-1"]
[WhiteElo "1738"]
[BlackElo "2054"]
[PlyCount "128"]
[EventDate "2013.05.18"]
[EventType "swiss"]
[EventRounds "5"]
[EventCountry "ENG"]
[SourceTitle "EXT 2014"]
[Source "ChessBase"]
[SourceDate "2013.11.20"]
[SourceVersion "1"]
[SourceVersionDate "2013.11.20"]
[SourceQuality "1"]

1. d4 Nf6 2. c4 e6 3. g3 Bb4+ 4. Bd2 Qe7 5. Bg2 Bxd2+ 6. Nxd2 Nc6 7. Ngf3 d6 8. Qb3 e5 9. d5 Nb8 10. e4 0-0 11. 0-0 Nbd7 12. Qc2 a5 13. a3 a4 14. b4 axb3 15. Nxb3 Nc5 16. Nxc5 dxc5 17. Nd2 Bd7 18. a4 Ra5 19. Nb1 Rfa8 20. Nc3 Ne8 21. Rfe1 Nd6 22. Bf1 f6 23. Ra2 b6 24. Rea1 Qe8 25. Qd1 Kf8 26. Be2 Qg6 27. Bd3 Qh6 28. Qf3 Ke7 29. Qe2 g6 30. f3 Kd8 31. Kf1 Kc8 32. Ke1 Kb7 33. Kd1 Qg7 34. Kc2 f5 35. Kb2 fxe4 36. fxe4 Rf8 37. Rf1 Raa8 38. Raa1 Bh3 39. Rxf8 Qxf8 40. Kb3 Qf6 41. Qc2 Qg5 42. Re1 Rf8 43. Qe2 Bg4 44. Qc2 Qh6 45. Rf1 Rxf1 46. Bxf1 Qe3 47. Bd3 Bf3 48. Kb2 Qd4 49. Kb3 Ka7 50. Nb5+ Nxb5 51. axb5 Qg1 52. Kb2 Kb8 53. Ka2 Qe1 54. Qb1 Qe3 55. Qc2 Kc8 56. Kb3 Bxe4 57. Kc3 Kd7 58. Qe2 Qd4+ 59. Kd2 Bxd3 60. Qxd3 e4 61. Qxd4 cxd4 62. Kc2 Kd6 63. g4 Kc5 64. Kd2 Kxc4 0-1